Pässe nach Bild - Statistiken

Allgemein
  • Dieses Quiz wurde 84 mal gespielt
  • Das Durchschnittsergebnis liegt bei 9 aus 15
Antwortstatistiken
Bildquiz Antwort % Korrekt
Israel
86%
Polen
79%
Iran
75%
Kosovo
75%
Südkorea
71%
China
61%
Vereinigtes Königreich
59%
Vereinigte Staaten
58%
Indien
57%
Mongolei
57%
Frankreich
54%
Italien
51%
Äthiopien
45%
Neuseeland
36%
Armenien
26%
Keine übereinstimmenden Quizze gefunden
Verteilung der Resultate
Anzahl Personen mit jedem Resultat
Perzentil nach korrekt beantworteten Fragen
Ihre Resultats-Entwicklung
Sie haben dieses Quiz noch nicht gespielt